Responses for show #4236 - Monday, January 20, 2003

Contestants

Mark Epstein, an attorney from Philadelphia, Pennsylvania

Karen Wood, an access services and systems librarian from Home, Pennsylvania

Sarah Mauldin, a librarian from Austin, Texas (whose 2-day cash winnings total $36,400)

Jeopardy! Round responses

THE HENRY FORD MUSEUM
TV POP QUIZ
(Alex: You have to name the show that featured each pop or dad.)
WATERFOWL
YOU SAY TOMATO
U.S. MONEY
"V" LOVE IT!
    $200 1
November 22, 1963

Sarah
    $200 5
Married... with Children

Mark
    $200 21
V

Karen
    $200 23
purple

Karen
    $200 16
Tennessee

Karen
    $200 11
viruses

Karen
    $400 2
Bonnie & Clyde

Karen
    $400 6
Frasier

Mark
    $400 22
down

Mark
    $400 28
apples

Karen
    $400 17
He put his own portrait (of L.M. Clark)

Triple Stumper
    $400 12
(Karen: What is Vantage?)

Virginia Slims

SarahKaren
    $600 3
William McKinley

Sarah
    $600 7
Little House on the Prairie

Sarah
    $600 24
(Alex: Less than a minute now.)

mallard

Karen
    $600 18
(Sarah: What is "E Pluribus Unum?")

"In God We Trust"

SarahKaren
    $600 13
Volga River

Karen
    $800 4
Bearcat

Mark
    $800 8
Leave It to Beaver

Sarah
    $800 25
tribes

Karen
    $800 29
[buzzer sounds to end the round]

beefsteak

Mark
    $800 19
(Sarah: What is $1?)
(Karen: What are pennies?)

$100 bills

SarahKaren
Triple Stumper
    $800 14
(Karen: Who is Gore Vidal?)

Kurt Vonnegut

Karen
Triple Stumper
    $1000 10
Wienermobile

Mark
    $1000 9
(Karen: Sorry.)
(Sarah: What is "Sanford and Son"?)

That '70s Show

SarahKaren
Triple Stumper
    $1000 26
pate de foie gras

Karen
    $1000 27
(Sarah: What are genes?)

chromosomes

SarahMark
    $1,000 20
the Sacajawea dollar (because it has the baby in the papoose)

Karen
    $1000 15
Valencia

Karen

Scores at the first commercial break (after clue 15):

Sarah Karen Mark
$1,600 $0 $2,400

Scores at the end of the Jeopardy! Round:

Sarah Karen Mark
-$800 $4,200 $4,600

Double Jeopardy! Round responses

FICTIONAL PLACES
THEY ALL PLAYED SINGERS
THE CIVIL RIGHTS MOVEMENT
(Alex: This is Martin Luther King Day.)
MERCURY CAPSULES
RIVERS
"S"-ENCE
    $400 11
Narnia

Karen
    $400 22
Frank Sinatra

Mark
    $400 1
Justice

Sarah
    $400 21
Friendship 7

Triple Stumper
    $400 16
Seine

Sarah
    $400 4
sponge

Sarah
    $800 12
Shangri-La

Triple Stumper
    $800 23
Richard Thomas

Karen
    $800 2
"We Shall Overcome"

Sarah
    $800 27
the Liberty Bell

Triple Stumper
    $800 17
(Karen: What is the Missouri?)
(Sarah: What is the Colorado?)

Snake River

SarahKaren
Triple Stumper
    $800 5
Joseph Stalin

Karen
    $1200 13
Utopia

Sarah
    $1200 24
(Alex: Less than a minute to go now.)

Maria Callas

Mark
    $1200 3
schools

Mark
    $1200 28
[buzzer sounds to end the round]

Wally Schirra

Mark
    $2,000 18
Amazon

Sarah
    $1200 6
Saab

Karen
    $3,000 14
LIlliput

Sarah
    $1600 25
Billie Holiday (in Lady Sings the Blues)

Triple Stumper
    $1600 9
the American dream

Triple Stumper
    $1600 19
Rhine

Triple Stumper
    $1600 7
Salicylic acid

Mark
    $2000 15
Erewhon

Karen
    $2000 26
(Sarah: Who are the Andrews Sisters?)

the McGuire Sisters

Sarah
Triple Stumper
    $2000 10
Jim Crow

Sarah
    $2000 20
Yalu

Mark
    $2000 8
sufi

Sarah

Scores at the end of the Double Jeopardy! Round:

Sarah Karen Mark
$8,600 $8,600 $12,200

[wagering suggestions for these scores]

Final Jeopardy! Round responses

PATRON SAINTS
(Alex: Say a prayer, make a wager!)
KarenWho was St. Patrick
$8,000
SarahWho is Jude?
$7,000
MarkWho is St. Patrick?
$0
Saint David

Final scores:

Sarah Karen Mark
$1,600 $600 $12,200
2nd place: $2,000 3rd place: $1,000 New champion: $12,200

Game dynamics:

Coryat scores:

Sarah Karen Mark
$6,400 $8,600 $12,200
14 R
(including 2 DDs),
6 W
18 R
(including 1 DD),
5 W
13 R,
0 W

Combined Coryat: $27,200

The J! Archive is created by fans, for fans. The Jeopardy! game show and all elements thereof, including but not limited to copyright and trademark thereto, are the property of Jeopardy Productions, Inc. and are protected under law. This website is not affiliated with, sponsored by, or operated by Jeopardy Productions, Inc. Join the discussion at JBoard.tv.